1831 1091 1654 1139 1032 1101 1510 1704 1714 1726 1932 1205 1244 1881 1361 1893 1336 1588 1883 1644 1106 1611 1714 1262 1401 1533 1264 1988 1792 1364 1551 1345 1240 1878 1660 1038 1265 1382 1965 1408 1632 1698 1679 1405 1554 1623 1024 1993 1901 1388 1391 1326 1076 1637 1353 1405 1986 1881 1790 1133 1054 1449 1724 1344 1312 1183 1158 1360 1218 1275 1040 1556 1785 1690 1723 1918 1579 1857 1810 1926 1933 1826 1620 1326 1181 1410 1283 1248 1403 1641 1761 1903 1927 1642 1961 1859 1678 1985 1869 BCNSPRNW ULIB Ver.6.0+V

เปลี่ยนเป็นภาษาไทย

Change to English
 แสดงรายละเอียดบรรณานุกรม
  กลับหน้าหลัก

Brief Record : Get Marc (ISO 2709) : E-mail record : QR code < ปิดหน้าต่าง
LEADER : 00000nam 2200000uu 4500
001    13399108719
003     ULIB
008    110314s2547||||th 000 0 tha d
020    9741402082
060 04 QZ266^bอ132ก 2547
245 00 การรักษาอาการปวดมะเร็ง =^bCancer pain relief /^cเอกสารทางการแพทย์ของ องค์การอนามัยโลก ; แปลโดย พงศ์ภารดีเจาฑะเกษตริน ; บรรณาธิการต้นฉบับแปล, สุปรีย์ ปิยสาระ
246 31 Cancer pain relief
250    พิมพ์ครั้งที่ 1
260    กรุงเทพฯ :^bผีเสื้อ,^c2547
300    133 หน้า :^bภาพประกอบ ;^c19 ซม.
650  7 เนื้องอก^xการรักษาด้วยยา
650  7 ความเจ็บปวด^xการรักษาด้วยยา
650  7 มะเร็ง^xการรักษาด้วยยา
650  7 ยาระงับปวด
653    ผลงานอาจารย์คณะแพทยศาสตร์ศิริราชพยาบาล
700 0  พงศ์ภารดี เจาฑะเกษตริน,^eผู้แปล
700 0  สุปรีย์ ปิยสาระ,^eบรรณาธิการ
710 2  องค์การอนามัยโลก
710 2  มหาวิทยาลัยมหิดล. ^bคณะแพทยศาสตร์ศิริราชพยาบาล.^bภาควิชาวิสัญญีวิทยา
945    ^p129^l0^i017807
995    ทศพร
999 ^a ใช้งานได้ทุกระบบ
รายการนี้ยังไม่มีแท็ก
คุณยังไม่ได้ล็อกอิน คุณสามารถมีกิจกรรมร่วมกับเว็บไซต์ได้ แต่ต้องล็อกอินก่อน ::
  ล็อกอิน

รายการสื่อสารสนเทศ

ลำดับที่ ประเภท เลขเรียก/บาร์โค้ด สถานที่ สถานะ
- ไม่พบข้อมูล -

รายการใกล้เคียง
    หัวเรื่อง [ยาระงับปวด]

BibComment


ยังไม่เคยถูกคอมเมนท์

คอมเมนท์ทรัพยากรรายการนี้
  คอมเมนท์: การรักษาอาการปวดม..


 Copyright 2026. Bcnsprnw @Library